Approaches to healing in Roman Egypt /

محفوظ في:

المؤلف الرئيسي: Draycott, Jane

التنسيق: كتاب

اللغة: English

منشور في: Oxford, England : Archaeopress, 2012.

سلاسل: BAR international series ; 2416.

الموضوعات:

الوسوم: إضافة وسم

لا توجد وسوم, كن أول من يضع وسما على هذه التسجيلة!

رقم الطلب: R137 .D73

LEADER 00984nam a22002537a 4500
003 OSt
005 20251124084608.0
008 251124t2012 enk b 000 0 eng d
020 |a 9781407310145 (pbk.) 
040 |c ARCE Library 
050 1 4 |a R137  |b .D73 
100 1 |a Draycott, Jane   |q (Jane Louise) 
245 1 0 |a Approaches to healing in Roman Egypt /   |c Jane Draycott.  
264 1 |a Oxford, England :   |b Archaeopress,   |c 2012. 
300 |a  iv, 108 pages :   |c 30 cm. 
490 0 |a BAR international series ;   |v 2416. 
504 |a Includes bibliographical references (pages 100-108). 
505 0 |a Identifying medical practitioners in Roman Egypt Identifying alternative healing strategies in Roman Egypt Case studies Eye complaints in Roman Egypt Fever in Roman Egypt Wild animals in Roman Egypt Conclusion. 
650 0 |a Medicine -- Egypt -- History.  
650 0 |a Medicine, Egyptian.  
651 0 |a Egypt -- Antiquities. 
901 |a reviewed 
942 |2 lcc  |c BK 
999 |c 49233  |d 49233